[Event "76. Campeonato de Alemania"]
[Site "Altenkirchen GER"]
[Date "2005.02.20"]
[Round "3.11"]
[White "Hort, Vlastimil"]
[Black "Pajeken, Wolfgang"]
[Result "1/2-1/2"]
[WhiteElo "2515"]
[BlackElo "2354"]
[PlyCount "74"]
[EventDate "2005.02.18"]
[EventType "swiss"]
[EventRounds "9"]
[EventCountry "GER"]
[Source "lmi"]
[SourceDate "2005.02.23"]

1. e4 e5 2. Nf3 Nc6 3. Nc3 Nf6 4. Bb5 Nd4 5. Ba4 c6 6. d3 d6 7. Nxd4 exd4 8.
Ne2 Qa5+ 9. c3 dxc3 10. bxc3 Be7 11. O-O O-O 12. Bd2 d5 13. e5 Nd7 14. f4 f6
15. d4 fxe5 16. dxe5 Nxe5 17. fxe5 Bg4 18. Bc2 Qa6 19. Bxh7+ Kxh7 20. Qc2+ Kg8
21. Ng3 Bc5+ 22. Kh1 Bf2 23. Bf4 Bxg3 24. hxg3 Rf5 25. Rf2 Re8 26. Qd2 Qb6 27.
Qd4 Qxd4 28. cxd4 c5 29. dxc5 g5 30. Be3 Rfxe5 31. Bd4 Re4 32. Bf6 Rf8 33. Rb1
Re6 34. Bd4 Rxf2 35. Bxf2 Re2 36. Kg1 Bc8 37. c6 bxc6 1/2-1/2

[Event "76. Campeonato de Alemania"]
[Site "Altenkirchen GER"]
[Date "2005.02.20"]
[Round "3.12"]
[White "Scherer, Max"]
[Black "Tischbierek, Raj"]
[Result "1/2-1/2"]
[WhiteElo "2325"]
[BlackElo "2477"]
[PlyCount "89"]
[EventDate "2005.02.18"]
[EventType "swiss"]
[EventRounds "9"]
[EventCountry "GER"]
[Source "lmi"]
[SourceDate "2005.02.23"]

1. c4 Nf6 2. g3 e5 3. Bg2 c6 4. Nf3 e4 5. Nd4 d5 6. Nc3 dxc4 7. Nc2 Na6 8. Nxe4
Nxe4 9. Bxe4 Nc5 10. Bg2 Be6 11. Ne3 Qa5 12. O-O Be7 13. Qc2 Nb3 14. axb3 Qxa1
15. bxc4 O-O 16. d4 Rac8 17. Bd2 Qa2 18. Be4 g6 19. Bd3 f5 20. Nd1 b5 21. Nc3
Qa6 22. c5 Qb7 23. b4 Qd7 24. e3 f4 25. Be4 f3 26. Ra1 Bc4 27. Qd1 Rf7 28. Bxf3
Rcf8 29. Bg4 Be6 30. Bxe6 Qxe6 31. f4 g5 32. Qf3 gxf4 33. gxf4 Bd8 34. Ne2 Rg7+
35. Ng3 Bh4 36. Be1 Qb3 37. Bf2 Rf6 38. Qh5 Bxg3 39. hxg3 Re6 40. Qf5 Rf7 41.
Qb1 Rxe3 42. Bxe3 Qxe3+ 43. Kg2 Qe2+ 44. Kg1 Qe3+ 45. Kg2 1/2-1/2

[Event "76. Campeonato de Alemania"]
[Site "Altenkirchen GER"]
[Date "2005.02.20"]
[Round "3.14"]
[White "Wisnewski, Christoph"]
[Black "Dresen, Ulrich"]
[Result "1-0"]
[WhiteElo "2401"]
[BlackElo "2322"]
[PlyCount "103"]
[EventDate "2005.02.18"]
[EventType "swiss"]
[EventRounds "9"]
[EventCountry "GER"]
[Source "lmi"]
[SourceDate "2005.02.23"]

1. e4 c6 2. d4 d5 3. e5 Bf5 4. h4 h5 5. c4 dxc4 6. Bxc4 e6 7. Nc3 Nd7 8. Bg5
Ne7 9. Nge2 f6 10. exf6 gxf6 11. Be3 Nb6 12. Bb3 Nbd5 13. Ng3 Bg4 14. Qd2 Nf5
15. Nxf5 Bxf5 16. Rc1 Qd7 17. O-O Rg8 18. Bxd5 exd5 19. Bf4 Kf7 20. Ne2 Bd6 21.
Ng3 Bg6 22. Rfe1 Rae8 23. a3 a6 24. Rxe8 Rxe8 25. Bxd6 Qxd6 26. Rc3 Qe6 27. Re3
Qg4 28. Rxe8 Kxe8 29. Qe2+ Qxe2 30. Nxe2 a5 31. Nf4 Bf7 32. f3 a4 33. Kf2 b6
34. Ke3 c5 35. g4 hxg4 36. fxg4 Ke7 37. h5 Bg8 38. Ne2 Kd6 39. Nc3 Kc6 40. Nxa4
Kb5 41. b3 Bh7 42. Nc3+ Kc6 43. b4 Bc2 44. h6 c4 45. Kf4 Kd6 46. g5 fxg5+ 47.
Kxg5 Ke6 48. a4 Bd3 49. a5 bxa5 50. bxa5 Kd6 51. Kf6 Bc2 52. a6 1-0

[Event "76. Campeonato de Alemania"]
[Site "Altenkirchen GER"]
[Date "2005.02.20"]
[Round "3.15"]
[White "Degitiarev, Jewgenij"]
[Black "Bastian, Herbert"]
[Result "1-0"]
[WhiteElo "2297"]
[BlackElo "2400"]
[PlyCount "77"]
[EventDate "2005.02.18"]
[EventType "swiss"]
[EventRounds "9"]
[EventCountry "GER"]
[Source "lmi"]
[SourceDate "2005.02.23"]

1. d4 Nf6 2. c4 g6 3. Nc3 Bg7 4. e4 O-O 5. f3 c5 6. d5 e6 7. Nh3 d6 8. Nf2 Na6
9. Be2 Nc7 10. O-O e5 11. Bg5 h6 12. Be3 Nh5 13. g3 Kh7 14. f4 exf4 15. gxf4
Bd4 16. Qd2 Qh4 17. Bxh5 gxh5 18. Kh1 Bh8 19. e5 Bf5 20. Nce4 dxe5 21. Ng3 Bd7
22. Qc2+ f5 23. Nd3 e4 24. Nxc5 Be8 25. Rad1 Qh3 26. Ncxe4 Qg4 27. Bc5 Rg8 28.
Nd6 Bg6 29. Qe2 h4 30. Qxg4 fxg4 31. f5 hxg3 32. fxg6+ Rxg6 33. Rf7+ Rg7 34.
Rxg7+ Bxg7 35. hxg3 b6 36. Bd4 Bf8 37. Ne4 Kg6 38. Rf1 Be7 39. d6 1-0

[Event "76. Campeonato de Alemania"]
[Site "Altenkirchen GER"]
[Date "2005.02.20"]
[Round "3.16"]
[White "Solonar, Stephan"]
[Black "Schunk, Thomas"]
[Result "1/2-1/2"]
[WhiteElo "2393"]
[BlackElo "2337"]
[PlyCount "100"]
[EventDate "2005.02.18"]
[EventType "swiss"]
[EventRounds "9"]
[EventCountry "GER"]
[Source "lmi"]
[SourceDate "2005.02.23"]

1. Nf3 c5 2. c4 g6 3. e4 Bg7 4. d4 Qb6 5. dxc5 Qxc5 6. Be2 d6 7. O-O Bg4 8. Qb3
Qc8 9. Be3 Nc6 10. Rd1 Nf6 11. Nc3 O-O 12. Rac1 b6 13. Qc2 Qb7 14. h3 Bxf3 15.
Bxf3 Ne5 16. Be2 Rac8 17. b3 Kh8 18. f4 Nc6 19. Bf3 Qb8 20. Qf2 Rfe8 21. g4
Red8 22. g5 Ne8 23. Kg2 f5 24. exf5 gxf5 25. Bd5 e5 26. Be6 Ne7 27. Bxc8 Qxc8
28. Nd5 Ng6 29. h4 Nc7 30. h5 Nxf4+ 31. Nxf4 exf4 32. Bxf4 Ne6 33. Rd5 Qb7 34.
Kh3 Qf7 35. Kh4 Rg8 36. Rg1 h6 37. g6 Qe7+ 38. Kh3 Re8 39. Rdd1 Nxf4+ 40. Qxf4
Qe2 41. Rde1 Qxh5+ 42. Qh4 Qf3+ 43. Rg3 Qc6 44. Rge3 Rf8 45. Qf4 d5 46. Re6 Qa8
47. Re7 Qd8 48. cxd5 Qxd5 49. Rxa7 Qc6 50. Rae7 Qxg6 1/2-1/2

[Event "76. Campeonato de Alemania"]
[Site "Altenkirchen GER"]
[Date "2005.02.20"]
[Round "3.17"]
[White "Namyslo, Holger"]
[Black "Alber, Horst"]
[Result "0-1"]
[WhiteElo "2314"]
[BlackElo "2387"]
[PlyCount "68"]
[EventDate "2005.02.18"]
[EventType "swiss"]
[EventRounds "9"]
[EventCountry "GER"]
[Source "lmi"]
[SourceDate "2005.02.23"]

1. e4 c5 2. Nf3 Nc6 3. d4 cxd4 4. Nxd4 g6 5. Nc3 Bg7 6. Nb3 Nf6 7. Be2 O-O 8.
O-O b6 9. Bg5 Bb7 10. f4 b5 11. e5 b4 12. exf6 exf6 13. Ne4 fxg5 14. fxg5 Bxb2
15. Nf6+ Kg7 16. Rb1 Be5 17. Kh1 d6 18. Bc4 Ne7 19. Qg4 Nf5 20. Rxf5 gxf5 21.
Qxf5 Bxf6 22. Rf1 Rg8 23. gxf6+ Kh8 24. Rf2 Qc8 25. Qxc8 Raxc8 26. Bd3 Rce8 27.
h3 Re1+ 28. Kh2 Be4 29. Ba6 d5 30. Nd2 Re8 31. Nxe4 dxe4 32. Bc4 e3 33. Rf4 e2
34. Kg3 Rg1 0-1

[Event "76. Campeonato de Alemania"]
[Site "Altenkirchen GER"]
[Date "2005.02.20"]
[Round "3.18"]
[White "Meier, Georg"]
[Black "Schulz, Karsten"]
[Result "1/2-1/2"]
[WhiteElo "2372"]
[BlackElo "2310"]
[PlyCount "66"]
[EventDate "2005.02.18"]
[EventType "swiss"]
[EventRounds "9"]
[EventCountry "GER"]
[Source "lmi"]
[SourceDate "2005.02.23"]

1. Nf3 Nf6 2. g3 g6 3. Bg2 Bg7 4. O-O O-O 5. d4 d5 6. Bf4 Ne4 7. c4 dxc4 8. Ne5
Nd6 9. Nd2 c6 10. Rc1 Be6 11. e4 Nd7 12. a4 a5 13. b3 cxb3 14. Nxb3 Nxe5 15.
dxe5 Nc4 16. Nc5 Qxd1 17. Rfxd1 b5 18. Nxe6 fxe6 19. Bf1 Nxe5 20. Rc5 Nf3+ 21.
Kg2 Nd4 22. e5 Rfd8 23. axb5 cxb5 24. Bxb5 Nxb5 25. Rxd8+ Rxd8 26. Rxb5 Ra8 27.
Bc1 a4 28. Ba3 Ra7 29. f4 h6 30. h4 g5 31. h5 g4 32. Rb4 Kf7 33. Rd4 Bf8
1/2-1/2

[Event "76. Campeonato de Alemania"]
[Site "Altenkirchen GER"]
[Date "2005.02.20"]
[Round "3.19"]
[White "Leiber, Bernhard"]
[Black "Deglmann, Ludwig"]
[Result "0-1"]
[WhiteElo "2230"]
[BlackElo "2361"]
[PlyCount "70"]
[EventDate "2005.02.18"]
[EventType "swiss"]
[EventRounds "9"]
[EventCountry "GER"]
[Source "lmi"]
[SourceDate "2005.02.23"]

1. Nf3 f5 2. d4 Nf6 3. c4 g6 4. Nc3 Bg7 5. g3 O-O 6. Bg2 d6 7. O-O Qe8 8. Re1
Qf7 9. d5 Ne4 10. Nd4 Nxc3 11. bxc3 Qf6 12. Be3 e5 13. dxe6 c6 14. Bf4 Bxe6 15.
Bxd6 Rf7 16. c5 Nd7 17. Qa4 Bf8 18. Bxf8 Nxf8 19. e3 Qe7 20. Qa5 Nd7 21. Nxe6
Qxe6 22. Qb4 Ne5 23. Red1 a5 24. Qf4 Qe7 25. Rd6 g5 26. Qd4 f4 27. exf4 gxf4
28. Rd1 Raf8 29. Kh1 Qg5 30. Bh3 fxg3 31. fxg3 Rf2 32. Be6+ Kg7 33. Re1 Re2 34.
Rxe2 Qc1+ 35. Qd1 Rf1+ 0-1

[Event "76. Campeonato de Alemania"]
[Site "Altenkirchen GER"]
[Date "2005.02.20"]
[Round "3.20"]
[White "Kraemer, Martin"]
[Black "Schneider, Bernd"]
[Result "1-0"]
[WhiteElo "2357"]
[BlackElo "2293"]
[PlyCount "151"]
[EventDate "2005.02.18"]
[EventType "swiss"]
[EventRounds "9"]
[EventCountry "GER"]
[Source "lmi"]
[SourceDate "2005.02.23"]

1. e4 c5 2. Nf3 e6 3. d4 cxd4 4. Nxd4 a6 5. c4 Qc7 6. Nc3 Nf6 7. Bd3 Nc6 8.
Nxc6 bxc6 9. O-O Bc5 10. Bd2 e5 11. a3 d6 12. b4 Bd4 13. Rc1 O-O 14. Ne2 Bg4
15. Kh1 Bxe2 16. Qxe2 Rfe8 17. Be3 c5 18. Bg5 Nd7 19. Rb1 Re6 20. g3 h6 21. Bd2
Nf6 22. f3 Ree8 23. Qd1 Qd7 24. Bc2 Rec8 25. Qe2 Qh3 26. Bd3 Qd7 27. Qd1 Rc7
28. Qb3 Rca7 29. Kg2 Qe6 30. Qa2 g5 31. Qc2 Kg7 32. Rh1 Rh8 33. Be2 Qd7 34. Qc1
g4 35. Qc2 h5 36. h3 Raa8 37. fxg4 hxg4 38. h4 Qc6 39. Bd3 cxb4 40. axb4 Rh5
41. Rhf1 Rah8 42. Rbe1 Ng8 43. Qd1 Qc8 44. Rf5 Nf6 45. Ref1 Rxf5 46. Rxf5 Qb7
47. Kh2 Re8 48. Bg5 Re6 49. h5 Ng8 50. Qxg4 Kh8 51. Bd2 Nh6 52. Bxh6 Rxh6 53.
Qg5 Kh7 54. Qd8 f6 55. Qxd6 Kg7 56. Kh3 Bc3 57. b5 axb5 58. cxb5 Bd4 59. Bc4
Qc8 60. Qe7+ Kh8 61. Be6 Bc5 62. Qf7 Qd8 63. Rf1 Rh7 64. Rd1 Bd4 65. Qg6 Rg7
66. Qf5 Rg5 67. Qf3 Kg7 68. Rc1 Bb6 69. Rc8 Qe7 70. Rg8+ Kh6 71. Rxg5 fxg5 72.
Qf5 Qg7 73. Bf7 g4+ 74. Kg2 Be3 75. Qe6+ Kg5 76. h6 1-0

[Event "76. Campeonato de Alemania"]
[Site "Altenkirchen GER"]
[Date "2005.02.20"]
[Round "3.21"]
[White "Muranyi, Karl-Jasmin"]
[Black "Schinke, Andreas"]
[Result "1-0"]
[WhiteElo "2365"]
[BlackElo "2191"]
[PlyCount "77"]
[EventDate "2005.02.18"]
[EventType "swiss"]
[EventRounds "9"]
[EventCountry "GER"]
[Source "lmi"]
[SourceDate "2005.02.23"]

1. d4 Nf6 2. Bf4 d5 3. e3 Bf5 4. c3 e6 5. Nd2 Nbd7 6. Be2 Be7 7. g4 Bg6 8. h4
h5 9. g5 Ne4 10. Nxe4 Bxe4 11. f3 Bg6 12. Bd3 Bxd3 13. Qxd3 g6 14. Ne2 c5 15.
e4 O-O 16. exd5 exd5 17. O-O-O c4 18. Qc2 b5 19. Be5 Re8 20. f4 Nf8 21. f5 Rc8
22. Nf4 Rc6 23. f6 Bd6 24. Nxd5 Ra6 25. Bxd6 Qxd6 26. Ne7+ Kh7 27. a3 Ne6 28.
Rhe1 Nf4 29. Re5 Nd3+ 30. Rxd3 cxd3 31. Qxd3 Qd7 32. Qxb5 Qxb5 33. Rxb5 Re6 34.
Re5 Rb6 35. b4 a5 36. b5 a4 37. Kc2 Rb7 38. c4 Rd7 39. Kc3 1-0

[Event "76. Campeonato de Alemania"]
[Site "Altenkirchen GER"]
[Date "2005.02.20"]
[Round "3.22"]
[White "Asendorf, Joachim"]
[Black "Heidorn, Oliver"]
[Result "1-0"]
[WhiteElo "2282"]
[BlackElo "2111"]
[PlyCount "29"]
[EventDate "2005.02.18"]
[EventType "swiss"]
[EventRounds "9"]
[EventCountry "GER"]
[Source "lmi"]
[SourceDate "2005.02.23"]

1. c4 Nf6 2. Nc3 c6 3. e4 e5 4. d4 Qa5 5. dxe5 Nxe4 6. Qd4 Bb4 7. Nge2 Nxc3 8.
bxc3 Be7 9. Ng3 d6 10. exd6 Bf6 11. Qe3+ Kd8 12. Ne4 Re8 13. Bd2 Bh4 14. Qf4
Qf5 15. Qxh4+ 1-0

[Event "76. Campeonato de Alemania"]
[Site "Altenkirchen GER"]
[Date "2005.02.20"]
[Round "3.23"]
[White "Schmidt, Reiner"]
[Black "Bischoff, Dieter"]
[Result "1/2-1/2"]
[WhiteElo "2183"]
[BlackElo "2145"]
[PlyCount "30"]
[EventDate "2005.02.18"]
[EventType "swiss"]
[EventRounds "9"]
[EventCountry "GER"]
[Source "lmi"]
[SourceDate "2005.02.23"]

1. d4 Nf6 2. c4 g6 3. Nc3 Bg7 4. e4 d6 5. Nge2 O-O 6. Ng3 c5 7. d5 e6 8. Be2
exd5 9. exd5 Re8 10. O-O Nbd7 11. f4 a6 12. a4 h5 13. f5 Nf8 14. fxg6 fxg6 15.
Bd3 Ng4 1/2-1/2

[Event "76. Campeonato de Alemania"]
[Site "Altenkirchen GER"]
[Date "2005.02.21"]
[Round "4.1"]
[White "Graf, Alexander"]
[Black "Gustafsson, Jan"]
[Result "0-1"]
[WhiteElo "2637"]
[BlackElo "2616"]
[PlyCount "56"]
[EventDate "2005.02.18"]
[EventType "swiss"]
[EventRounds "9"]
[EventCountry "GER"]
[Source "lmi"]
[SourceDate "2005.02.23"]

1. e4 e5 2. Nf3 Nc6 3. Bb5 a6 4. Ba4 Nf6 5. O-O Be7 6. Re1 b5 7. Bb3 O-O 8. c3
d5 9. exd5 Nxd5 10. Nxe5 Nxe5 11. Rxe5 c6 12. Bxd5 cxd5 13. d4 Bd6 14. Re3 Qh4
15. h3 Qf4 16. Re5 Qf6 17. Re1 Qg6 18. Qf3 Bd7 19. Be3 Rae8 20. Nd2 Re6 21. Kh1
Bb8 22. Nb3 Rf6 23. Qe2 Bxh3 24. f4 Bxg2+ 25. Qxg2 Qh5+ 26. Qh2 Qf3+ 27. Qg2
Rh6+ 28. Kg1 Rg6 0-1

[Event "76. Campeonato de Alemania"]
[Site "Altenkirchen GER"]
[Date "2005.02.21"]
[Round "4.2"]
[White "Khenkin, Igor"]
[Black "Jussupow, Artur"]
[Result "1/2-1/2"]
[WhiteElo "2604"]
[BlackElo "2582"]
[PlyCount "41"]
[EventDate "2005.02.18"]
[EventType "swiss"]
[EventRounds "9"]
[EventCountry "GER"]
[Source "lmi"]
[SourceDate "2005.02.23"]

1. d4 Nf6 2. c4 e6 3. Nf3 d5 4. Nc3 c5 5. cxd5 Nxd5 6. e3 Nc6 7. Bc4 Nxc3 8.
bxc3 Be7 9. O-O O-O 10. Qe2 b6 11. Rd1 cxd4 12. cxd4 Na5 13. Bd3 Bb7 14. e4 Rc8
15. Rb1 Bf6 16. Bd2 Nc6 17. e5 Be7 18. Qe4 g6 19. Bh6 Re8 20. h4 Rc7 21. Qg4
1/2-1/2

[Event "76. Campeonato de Alemania"]
[Site "Altenkirchen GER"]
[Date "2005.02.21"]
[Round "4.4"]
[White "Schlosser, Philipp"]
[Black "Braun, Arik"]
[Result "0-1"]
[WhiteElo "2570"]
[BlackElo "2463"]
[PlyCount "64"]
[EventDate "2005.02.18"]
[EventType "swiss"]
[EventRounds "9"]
[EventCountry "GER"]
[Source "lmi"]
[SourceDate "2005.02.23"]

1. e4 e6 2. d4 d5 3. e5 Bd7 4. c3 a6 5. Bd3 c5 6. Nf3 cxd4 7. Nxd4 Ne7 8. Nd2
Nbc6 9. N2f3 Qc7 10. Nxc6 Nxc6 11. Bf4 h6 12. h4 d4 13. cxd4 Nb4 14. a3 Nxd3+
15. Qxd3 Bb5 16. Qd1 Qc6 17. Rc1 Qe4+ 18. Be3 Be7 19. Rc3 O-O 20. a4 Bc6 21.
O-O Rac8 22. b3 Bd5 23. Bd2 Rxc3 24. Bxc3 Rc8 25. Re1 Qg4 26. Re3 Bxh4 27. Qf1
Be7 28. Nd2 b5 29. axb5 axb5 30. b4 Bg5 31. Rg3 Qf5 32. Qxb5 Bh4 0-1

[Event "76. Campeonato de Alemania"]
[Site "Altenkirchen GER"]
[Date "2005.02.21"]
[Round "4.5"]
[White "Henrichs, Thomas"]
[Black "Bischoff, Klaus"]
[Result "0-1"]
[WhiteElo "2407"]
[BlackElo "2555"]
[PlyCount "70"]
[EventDate "2005.02.18"]
[EventType "swiss"]
[EventRounds "9"]
[EventCountry "GER"]
[Source "lmi"]
[SourceDate "2005.02.23"]

1. d4 e6 2. e4 d5 3. Nc3 Nf6 4. e5 Nfd7 5. Nce2 c5 6. c3 Nc6 7. f4 cxd4 8. cxd4
f5 9. Nf3 Be7 10. Nc3 Nb6 11. Bd3 Bd7 12. h3 O-O 13. g4 Be8 14. Ne2 Bg6 15. a3
Qe8 16. Kf2 a5 17. b3 a4 18. b4 Na7 19. Ng3 Nb5 20. gxf5 Bxf5 21. Nxf5 exf5 22.
Bb2 Nc7 23. Rc1 Ne6 24. Ke3 Qh5 25. Qg1 Bh4 26. Qh2 Kh8 27. Rhg1 g5 28. fxg5
Bg3 29. Qg2 Bf4+ 30. Kf2 Bxc1 31. Bxc1 Rac8 32. Bd2 Nc4 33. Bc1 Nxd4 34. g6
hxg6 35. Nxd4 Nxe5 0-1

[Event "76. Campeonato de Alemania"]
[Site "Altenkirchen GER"]
[Date "2005.02.21"]
[Round "4.6"]
[White "Meins, Gerlef"]
[Black "Kritz, Leonid"]
[Result "1/2-1/2"]
[WhiteElo "2440"]
[BlackElo "2547"]
[PlyCount "44"]
[EventDate "2005.02.18"]
[EventType "swiss"]
[EventRounds "9"]
[EventCountry "GER"]
[Source "lmi"]
[SourceDate "2005.02.23"]

1. d4 e6 2. Nf3 Nf6 3. g3 b5 4. Bg2 Bb7 5. O-O c5 6. c3 Na6 7. Bg5 Be7 8. Nbd2
O-O 9. Ne5 Bxg2 10. Kxg2 Qc7 11. Nef3 h6 12. Bxf6 Bxf6 13. Ne4 Be7 14. a4 d5
15. Nxc5 Nxc5 16. dxc5 Qxc5 17. axb5 Qxb5 18. Qd3 Rfb8 19. Ra2 Bf6 20. Rfa1 a5
21. Qxb5 Rxb5 22. Nd4 Bxd4 1/2-1/2

[Event "76. Campeonato de Alemania"]
[Site "Altenkirchen GER"]
[Date "2005.02.21"]
[Round "4.7"]
[White "Bischoff, Dieter"]
[Black "Leiber, Bernhard"]
[Result "0-1"]
[WhiteElo "2145"]
[BlackElo "2230"]
[PlyCount "66"]
[EventDate "2005.02.18"]
[EventType "swiss"]
[EventRounds "9"]
[EventCountry "GER"]
[Source "lmi"]
[SourceDate "2005.02.23"]

1. d4 Nf6 2. c4 e6 3. Nc3 c5 4. d5 exd5 5. cxd5 d6 6. e4 g6 7. f4 Bg7 8. Nf3
O-O 9. Be2 Na6 10. e5 dxe5 11. fxe5 Ng4 12. Bf4 Re8 13. e6 fxe6 14. d6 Bd7 15.
O-O Rf8 16. Qd2 c4 17. Bxc4 Qb6+ 18. Kh1 Qb4 19. Bxa6 bxa6 20. Bg5 Rab8 21.
Rab1 Rf5 22. h3 Nf6 23. Be3 Nh5 24. Rfd1 Rxf3 25. gxf3 Qh4 26. Qg2 Ng3+ 27. Kg1
Nf5 28. Bf2 Qc4 29. Qg4 Qc8 30. Rdc1 Bh6 31. Re1 Bg7 32. Rec1 Bc6 33. Nd5 exd5
0-1

[Event "76. Campeonato de Alemania"]
[Site "Altenkirchen GER"]
[Date "2005.02.21"]
[Round "4.9"]
[White "Meister, Jakob"]
[Black "Wisnewski, Christoph"]
[Result "0-1"]
[WhiteElo "2519"]
[BlackElo "2401"]
[PlyCount "148"]
[EventDate "2005.02.18"]
[EventType "swiss"]
[EventRounds "9"]
[EventCountry "GER"]
[Source "lmi"]
[SourceDate "2005.02.23"]

1. e4 e5 2. Nf3 Nc6 3. Bc4 Nf6 4. d3 Be7 5. c3 O-O 6. Bb3 d5 7. Nbd2 Bg4 8. h3
Bh5 9. Qe2 dxe4 10. dxe4 Nd7 11. Nf1 Bxf3 12. Qxf3 Nc5 13. Bc2 Bg5 14. Bxg5
Qxg5 15. Ne3 Rad8 16. Qg4 Qh6 17. O-O Ne7 18. Rfd1 Qe6 19. b4 Nd7 20. Qxe6 fxe6
21. Bb3 Kf7 22. Nc4 b5 23. Rxd7 bxc4 24. Rxd8 Rxd8 25. Bxc4 Nc8 26. Bb3 Rd3 27.
c4 Nd6 28. f3 Rc3 29. c5 Nb5 30. Kf1 Nd4 31. Bd1 Ra3 32. Ke1 Nc6 33. Bb3 Nxb4
34. Kd2 Na6 35. Rc1 Ra5 36. c6 Ke7 37. Rc3 Rc5 38. Bc4 Nb4 39. a3 Nxc6 40. Kd3
Kd6 41. h4 Na5 42. Ba2 Rb5 43. Rc2 Nc6 44. Rd2 Nd4 45. Kc3 Ke7 46. Kc4 Rb6 47.
Kc3 Rc6+ 48. Bc4 Nb5+ 49. Kb3 Nd6 50. Be2 Rc1 51. Rd1 Rc6 52. a4 Rb6+ 53. Ka3
Rc6 54. Kb3 Nb7 55. Bb5 Rd6 56. Rc1 Kd8 57. Rc2 Rd1 58. Ba6 Nd6 59. Rc5 Rg1 60.
Rxe5 Rxg2 61. Rxe6 Rf2 62. e5 Nf5 63. Kc3 Kd7 64. Bc4 Rxf3+ 65. Kb4 c6 66. Ka5
Rf4 67. Bb3 Rxh4 68. Ba2 Rg4 69. Bd5 cxd5 70. Ra6 d4 71. Kb4 d3+ 72. Kc3 Rd4
73. Kd2 Ng3 74. Rxa7+ Ke6 0-1

[Event "76. Campeonato de Alemania"]
[Site "Altenkirchen GER"]
[Date "2005.02.21"]
[Round "4.10"]
[White "Degitiarev, Jewgenij"]
[Black "Handke, Florian"]
[Result "1-0"]
[WhiteElo "2297"]
[BlackElo "2488"]
[PlyCount "81"]
[EventDate "2005.02.18"]
[EventType "swiss"]
[EventRounds "9"]
[EventCountry "GER"]
[Source "lmi"]
[SourceDate "2005.02.23"]

1. d4 Nf6 2. c4 e6 3. Nc3 Bb4 4. e3 b6 5. f3 O-O 6. e4 d5 7. e5 Nh5 8. Nh3 f6
9. a3 Be7 10. Be3 fxe5 11. dxe5 Nc6 12. f4 d4 13. Qxh5 g6 14. Qg4 dxe3 15. Rd1
Qe8 16. Bd3 Bc5 17. b4 Be7 18. Be4 Rb8 19. Ng5 Nd8 20. Nb5 Bxg5 21. Qxg5 Bb7
22. Bd3 a6 23. Nc3 c5 24. b5 axb5 25. Nxb5 Nf7 26. Qg3 Qc6 27. O-O Rbd8 28. h4
Kh8 29. Be2 Qe4 30. Nc3 Qc2 31. Qxe3 Nh6 32. Rc1 Nf5 33. Qf2 Qb2 34. g4 Nd4 35.
Qe3 Qxa3 36. Kf2 Nxe2 37. Kxe2 Qb2+ 38. Ke1 Rd4 39. Rf2 Qa3 40. Ne2 Re4 41.
Qxa3 1-0

[Event "76. Campeonato de Alemania"]
[Site "Altenkirchen GER"]
[Date "2005.02.21"]
[Round "4.12"]
[White "Deglmann, Ludwig"]
[Black "Fish, Gennadij"]
[Result "0-1"]
[WhiteElo "2361"]
[BlackElo "2523"]
[PlyCount "36"]
[EventDate "2005.02.18"]
[EventType "swiss"]
[EventRounds "9"]
[EventCountry "GER"]
[Source "lmi"]
[SourceDate "2005.02.23"]

1. e4 c5 2. Nf3 e6 3. b3 d6 4. Bb2 Nf6 5. e5 dxe5 6. Nxe5 Be7 7. Bd3 O-O 8. O-O
Bd7 9. Qf3 Nc6 10. Qh3 g6 11. f4 Nb4 12. Nc3 Nxd3 13. cxd3 Ne8 14. Ne4 f6 15.
Ng5 fxg5 16. fxg5 Ng7 17. Qh6 Nf5 18. Ng4 Rf7 0-1

[Event "76. Campeonato de Alemania"]
[Site "Altenkirchen GER"]
[Date "2005.02.21"]
[Round "4.13"]
[White "Sprenger, Jan Michael"]
[Black "Scherer, Max"]
[Result "1-0"]
[WhiteElo "2491"]
[BlackElo "2325"]
[PlyCount "93"]
[EventDate "2005.02.18"]
[EventType "swiss"]
[EventRounds "9"]
[EventCountry "GER"]
[Source "lmi"]
[SourceDate "2005.02.23"]

1. e4 e5 2. Nf3 Nc6 3. Bb5 a6 4. Ba4 Nf6 5. O-O b5 6. Bb3 Be7 7. a4 Bb7 8. Qe2
O-O 9. Nc3 Bc5 10. axb5 axb5 11. Rxa8 Qxa8 12. Nxb5 Bb6 13. d3 Na5 14. Ba2 Re8
15. Bg5 Nc6 16. Ra1 Qd8 17. Nc3 Nd4 18. Nxd4 exd4 19. Nd5 Bxd5 20. Bxd5 h6 21.
Bxf6 Qxf6 22. Qg4 Qe7 23. g3 c6 24. Bb3 Rf8 25. h4 Kh7 26. Kg2 g6 27. h5 g5 28.
Ra6 Bc5 29. Qf5+ Kg7 30. Bc4 Rd8 31. Bxf7 Qxf7 32. Qxc5 Rf8 33. Qxd4+ Kh7 34.
Qe3 Qxh5 35. Ra7 Rf7 36. e5 Kg7 37. e6 dxe6 38. Qe5+ Kh7 39. Qe4+ Kg7 40. Rxf7+
Kxf7 41. Qxc6 Ke7 42. b4 Qe2 43. b5 h5 44. b6 h4 45. b7 hxg3 46. Qc7+ Kf6 47.
Qxg3 1-0

[Event "76. Campeonato de Alemania"]
[Site "Altenkirchen GER"]
[Date "2005.02.21"]
[Round "4.14"]
[White "Tischbierek, Raj"]
[Black "Kraemer, Martin"]
[Result "1/2-1/2"]
[WhiteElo "2477"]
[BlackElo "2357"]
[PlyCount "72"]
[EventDate "2005.02.18"]
[EventType "swiss"]
[EventRounds "9"]
[EventCountry "GER"]
[Source "lmi"]
[SourceDate "2005.02.23"]

1. b3 d5 2. Bb2 Nf6 3. e3 Bf5 4. f4 Nbd7 5. Nf3 e6 6. Be2 h6 7. O-O Bd6 8. Nc3
c6 9. Bd3 Bxd3 10. cxd3 O-O 11. Ne2 c5 12. Ng3 Qb6 13. Ne5 d4 14. Nc4 Qc7 15.
a4 Nb6 16. Qf3 Rfe8 17. a5 Nbd7 18. Rac1 b5 19. axb6 axb6 20. exd4 cxd4 21.
Bxd4 Bc5 22. Be3 Qa7 23. Ne4 Qa2 24. Rb1 Red8 25. Nc3 Bxe3+ 26. dxe3 Qc2 27.
Ne4 Qxd3 28. Nxf6+ Nxf6 29. Nxb6 Rab8 30. Nc4 Rd5 31. Ne5 Qe4 32. Rfc1 Rc5 33.
Qxe4 Rxc1+ 34. Rxc1 Nxe4 35. Rb1 Nc3 36. Rb2 Nd1 1/2-1/2

[Event "76. Campeonato de Alemania"]
[Site "Altenkirchen GER"]
[Date "2005.02.21"]
[Round "4.15"]
[White "Pajeken, Wolfgang"]
[Black "Solonar, Stephan"]
[Result "1/2-1/2"]
[WhiteElo "2354"]
[BlackElo "2393"]
[PlyCount "93"]
[EventDate "2005.02.18"]
[EventType "swiss"]
[EventRounds "9"]
[EventCountry "GER"]
[Source "lmi"]
[SourceDate "2005.02.23"]

1. d4 Nf6 2. c4 d6 3. Nc3 Nbd7 4. e4 e5 5. Nf3 g6 6. g3 Bg7 7. Bg2 O-O 8. O-O
a6 9. h3 b5 10. Qc2 Rb8 11. dxe5 dxe5 12. Rd1 Re8 13. Nd5 c6 14. Nxf6+ Bxf6 15.
Be3 Qe7 16. c5 Nf8 17. Rd6 Bb7 18. Rad1 Red8 19. b4 Ne6 20. Qd3 Qc7 21. Rd2 Qe7
22. Kh2 Qf8 23. Qc3 Qg7 24. Rxd8+ Rxd8 25. Rxd8+ Nxd8 26. Qd2 Qf8 27. Qd7 Ba8
28. Bd2 a5 29. a3 axb4 30. axb4 Bg7 31. h4 f6 32. Bh3 h5 33. Be3 Kh7 34. Nd2
Bb7 35. Nb3 Qf7 36. Na5 Qxd7 37. Bxd7 Ba8 38. f4 Bh6 39. Kg2 Kg7 40. Kf3 Kf8
41. fxe5 Bxe3 42. Kxe3 fxe5 43. Nb3 Ke7 44. Bh3 Ne6 45. Nc1 Bb7 46. Nd3 Kf6 47.
Bxe6 1/2-1/2